| 000 | 00703nam a2200229 a 4500 | ||
|---|---|---|---|
| 001 | 13927 | ||
| 003 | BD-JhCC | ||
| 005 | 20240516085315.0 | ||
| 008 | 240516b1998 b |||| ||a| 000 0 b d | ||
| 020 | _a9844100976 | ||
| 035 | _a(BD-JhCC)13927 | ||
| 040 |
_aBD-JhCC _dBD-JhCC |
||
| 041 | _abengali | ||
| 082 |
_a920 _bSRI 1998 |
||
| 245 |
_aস্মৃতিতে আগস্ট / _c সম্পা:সোহরাব হাসান |
||
| 260 |
_aঢাকা: _bমাওলা ব্রাদার্স; _c1998. |
||
| 300 |
_a142 p. : _c22 cm. |
||
| 650 | _aPolitical conspiracies and assassinations | ||
| 700 | _aহাসান ,সোহরাব | ||
| 942 |
_2ddc _cBK |
||
| 999 |
_c13927 _d13927 |
||